Detalles MARC
| 000 -CABECERA |
| campo de control de longitud fija |
01208nam a2200265 a 4500 |
| 001 - NÚMERO DE CONTROL |
| campo de control |
000048793 |
| 003 - IDENTIFICADOR DEL NÚMERO DE CONTROL |
| campo de control |
DO-SdBNP |
| 005 - FECHA Y HORA DE LA ÚLTIMA TRANSACCIÓN |
| campo de control |
20211014144502.0 |
| 007 - CAMPO FIJO DE DESCRIPCIÓN FÍSICA--INFORMACIÓN GENERAL |
| campo de control de longitud fija |
ta |
| 008 - DATOS DE LONGITUD FIJA--INFORMACIÓN GENERAL |
| campo de control de longitud fija |
190412s2016 dr 000 j spa d |
| 020 ## - NÚMERO INTERNACIONAL ESTÁNDAR DEL LIBRO |
| Número Internacional Estándar del Libro |
9789945452914 |
| 040 ## - FUENTE DE LA CATALOGACIÓN |
| Centro catalogador/agencia de origen |
DO-SdBNP |
| Lengua de catalogación |
spa |
| Centro/agencia transcriptor |
BNPHU |
| 082 #4 - NÚMERO DE LA CLASIFICACIÓN DECIMAL DEWEY |
| Número de clasificación |
BNPHU |
| Número de documento/Ítem |
O34c |
| Número de edición |
22 |
| 100 1# - ENTRADA PRINCIPAL--NOMBRE DE PERSONA |
| Nombre de persona |
Ogando Montás, Carlos B., |
| Fechas asociadas al nombre |
2000- |
| 9 (RLIN) |
76248 |
| 245 10 - MENCIÓN DE TÍTULO |
| Título |
Cuentos de mi adolescencia / |
| Mención de responsabilidad, etc. |
Carlos Bienvenido Ogando Montás ; corrección Reynaldo Guerrero Nova ; prólogo Carlos A. Ogando Alcántara. |
| 260 ## - PUBLICACIÓN, DISTRIBUCIÓN, ETC. |
| Lugar de publicación, distribución, etc. |
Santo Domingo : |
| Nombre del editor, distribuidor, etc. |
El Nuevo Diario, |
| Fecha de publicación, distribución, etc. |
2016. |
| 300 ## - DESCRIPCIÓN FÍSICA |
| Extensión |
78 p. : |
| Otras características físicas |
il. ; |
| Dimensiones |
23 cm. |
| 500 ## - NOTA GENERAL |
| Nota general |
Incluye datos biográficos del autor en la solapa de la contracubierta |
| 505 0# - NOTA DE CONTENIDO CON FORMATO |
| Nota de contenido con formato |
Prólogo -- |
| Título |
Dedicatoria -- |
| -- |
Zack y el reloj -- |
| -- |
El tesoro de Estrelucar -- |
| -- |
El baúl de las flechas -- |
| -- |
La luz que no volvía a encender -- |
| -- |
Josefina del supermercado -- |
| -- |
Recuerdo de un arrecife -- |
| -- |
Carta de uno más -- |
| -- |
Carta de un desahuciado -- |
| -- |
Carta de la tribu de Milo -- |
| -- |
Cuando el cielo llora -- |
| 590 ## - NOTA LOCAL (RLIN) |
| Nota local |
Inventariado, 2019/LP |
| 700 1# - PUNTO DE ACCESO ADICIONAL--NOMBRE DE PERSONA |
| Nombre de persona |
Ogando Alcántara, Carlos A., |
| Término indicativo de función/relación |
pról. |
| 9 (RLIN) |
74768 |
| 700 1# - PUNTO DE ACCESO ADICIONAL--NOMBRE DE PERSONA |
| Nombre de persona |
Guerrero Nova, Reynaldo, |
| Término indicativo de función/relación |
corr. |
| 9 (RLIN) |
792 |
| 910 ## - DATOS DE OPCIÓN DEL USUARIO (OCLC) |
| Datos de opción del usuario |
LP |
| 942 ## - ELEMENTOS DE PUNTO DE ACCESO ADICIONAL (KOHA) |
| Fuente del sistema de clasificación o colocación |
Dewey Decimal Classification |
| Tipo de ítem Koha |
Libro |